LEADER 01215nam a2200313 a 4500 001 000000129707 003 CaOOAMICUS 005 20120717142429.0 008 120717s2010 it d u000 u ita r 020 $a978-88-244-5235-9 040 $aPUL$bita 082 04$a330 100 1 $aSquillante, Stefania.$0(OLS)http://pul/name/83046 245 10$aCompendio di politica economica /$cStefania Squillante. 250 $a3. ed. 260 $aNapoli :$bEsselibri-Simone$g2010 300 $a256 p. :$bgrafici ;$c24 cm 490 1 $aI volumi di base ;$v44/8 500 $aInclude indice. 650 4$aPolitica economica.$0(OLS)http://pul/subject/10570 830 0$aVolumi di base ;$v44/8.$0(OLS)http://pul/title/163704 850 $aPUL 852 $aPUL$W1$xDP2 Diritto e Scienze Sociali 3$y110$m330 COLL 3.44.8$j150178$qDDC 21$B148726$CPULBib$Z2$F148726 $H120283 $82 941 1 $a9 996 $6020$a978-88-244-5235-9$9(OLS)http://pul/number/150320 996 $6082$a330$9(OLS)http://pul/classification/362 996 $6245$aCompendio di politica economica$9(OLS)http://pul/title/163955 996 $6260$aNapoli :$bEsselibri-Simone$9(OLS)http://pul/publisher/67437 LEADER 01568nam a2200313 u 4500 001 000000078989 003 CaOOAMICUS 005 20070226123506.0 008 040520s1998 gr b u000 u fre u 020 $a960356060X 035 $a10996089 040 $aPUL$bita 100 1 $aPapathomas, Archim. Grigorios D.$0(OLS)http://pul/name/52642 245 13$aLe Patriarcat {oelig}cumenique de Costantinople (y compris la Politeia monastique du Mont Athos) dans l'Europe unie :$b(approche nomocanonique) /$cArchim. Grigorios D. Papathomas. 260 $aAthènes :$bEpektasis,$c1998. 300 $a941 p. :$bc. geogr. ;$c21 cm 490 1 $aBibliothèque nomocanonique ;$v1 504 $aComprende bibliografia. 610 14$aCostantinopoli (patriarcato ecumenico).$0(OLS)http://pul/subject/49 610 24$aChiesa ortodossa.$0(OLS)http://pul/subject/754 651 4$aEuropa$xUnificazione.$0(OLS)http://pul/subject/37476 651 4$aAthos (monte).$0(OLS)http://pul/subject/27493 830 0$aBibliothèque nomocanonique ;$v1.$0(OLS)http://pul/title/103390 850 $aPUL 852 $aPUL$W1$xSL Religione 1$y3$m69 B 28.1$j101185$nBK-PRI$b $qStampati$B101185$CPULBib$Z2$F101185 $HPUL90553 $81 941 1 $a8 996 $6020$a960356060X$9(OLS)http://pul/number/103625 996 $6245$aLe Patriarcat {oelig}cumenique de Costantinople (y compris la Politeia monastique du Mont Athos) dans l'Europe unie :$b(approche nomocanonique)$9(OLS)http://pul/title/103389 996 $6260$aAthènes :$bEpektasis$9(OLS)http://pul/publisher/75535